William Shakespeare`s king lear (Record no. 4189)
[ view plain ]
| 000 -LEADER | |
|---|---|
| fixed length control field | 00534cam a2200205ua 4500 |
| 001 - CONTROL NUMBER | |
| control field | 5009 |
| 005 - DATE AND TIME OF LATEST TRANSACTION | |
| control field | 20260515113825.0 |
| 008 - FIXED-LENGTH DATA ELEMENTS--GENERAL INFORMATION | |
| fixed length control field | 150113n ii |||gr||||Z||||||eng |
| 020 ## - INTERNATIONAL STANDARD BOOK NUMBER | |
| International Standard Book Number | 81-309-0650-3 |
| 040 ## - CATALOGING SOURCE | |
| Transcribing agency | MAIN |
| 041 ## - LANGUAGE CODE | |
| Language code of text/sound track or separate title | eng |
| 082 ## - DEWEY DECIMAL CLASSIFICATION NUMBER | |
| Classification number | 822.33 |
| 100 ## - MAIN ENTRY--PERSONAL NAME | |
| Personal name | Shakespeare, William, |
| Relator term | Author, |
| 245 ## - TITLE STATEMENT | |
| Title | William Shakespeare`s king lear |
| Statement of responsibility, etc. | By William Shakespear |
| 250 ## - EDITION STATEMENT | |
| Edition statement | 1st. |
| 260 ## - PUBLICATION, DISTRIBUTION, ETC. | |
| Place of publication, distribution, etc. | New Delhi: |
| Name of publisher, distributor, etc. | Viva books private limited, |
| Date of publication, distribution, etc. | 2007. |
| 300 ## - PHYSICAL DESCRIPTION | |
| Extent | 155p: |
| Dimensions | 25cm. |
| 700 ## - ADDED ENTRY--PERSONAL NAME | |
| Personal name | Bloom, Harold, |
| Relator term | Editor, |
| 942 ## - ADDED ENTRY ELEMENTS (KOHA) | |
| Koha item type | Books |
| Withdrawn status | Lost status | Damaged status | Not for loan | Home library | Current library | Shelving location | Date acquired | Total checkouts | Full call number | Barcode | Date last seen | Copy number | Price effective from | Koha item type | Date last checked out |
|---|---|---|---|---|---|---|---|---|---|---|---|---|---|---|---|
| Naharkatiya College Library | Naharkatiya College Library | General stacks | 09/19/2020 | 822.33 | SHA | 18267 | 09/19/2020 | 2 | 09/19/2020 | Books | ||||||
| Naharkatiya College Library | Naharkatiya College Library | General stacks | 09/19/2020 | 1 | 822.33 | SHA | 18268 | 01/11/2021 | 3 | 09/19/2020 | Books | 12/28/2020 | ||||
| Naharkatiya College Library | Naharkatiya College Library | General stacks | 09/19/2020 | 822.33 | SHA | 18269 | 09/19/2020 | 1 | 09/19/2020 | Books |